| 000 | 00534nam a22001817a 4500 | ||
|---|---|---|---|
| 999 |
_c64468 _d64468 |
||
| 005 | 20240530110733.0 | ||
| 008 | 180605s ua ah f 000 0 eng d | ||
| 017 | _bمصر. دار الكتب | ||
| 040 |
_aEG-CaGPL _cEG-CaGPL |
||
| 082 | 0 | 4 |
_221 _a916.216 _bCC\M M |
| 110 | 0 | _aMinisterio De Cultura | |
| 245 | 1 | 0 |
_aMil Anos De El Cairo 969 1969 / _cMinisterio De Cultura |
| 260 |
_a :Cairo _c1969 _b Fundacion Egipcia de Publicaciones, |
||
| 300 |
_a459 p, _b28 cm. |
||
| 650 | _2qrmak | ||
| 651 | 0 | 7 |
_2qrmak _acairo |
| 942 |
_2ddc _cBK |
||